| 000 | 00462nam a2200133Ia 4500 | ||
|---|---|---|---|
| 008 | 200922s9999 xx 000 0 und d | ||
| 020 | _a978-621-406-211-9 | ||
| 100 | _aGutierrez-Ang, Jaime | ||
| 245 |
_cJaime Gutierrez-Ang _aLikha-sining: _bart appreciation for the 21st century filipino university student/ |
||
| 260 |
_aManila: _bMindshapers Co., Inc. _c2019 |
||
| 300 |
_ax, 256 pages _c25 cm. |
||
| 650 | _aArt -- study and teaching | ||
| 650 | _aArt criticism | ||
| 999 |
_c364405 _d364405 |
||